000 00619nam a22002417a 4500
003 UA-OsUOA
001 78167
007 ta
008 20111004b un ||||| |||| 00| 0 ukr d
100 _aМузичка І.
090 _a25
_bМ89
942 _cBK
040 _aUA-OsUOA
_bukr
_cUA-OsUOA
_dUA-OsUOA
245 _aХристиянство в житті особи і народу
_bвибрані твори
300 _a387 с.
955 _a2
041 _aukr
080 _a25
020 _a966-7569-14-4
260 _aК.
_c1999
650 7 _a2 Релігія. Теологія.
_2UDC
999 _c364477
_d364477